Perón habla a los trabajadores / (Record no. 7411)

MARC details
000 -LEADER
fixed length control field 00600nam a22001937a 4500
005 - DATE AND TIME OF LATEST TRANSACTION
control field 20220208181927.0
007 - PHYSICAL DESCRIPTION FIXED FIELD--GENERAL INFORMATION
fixed length control field cr
008 - FIXED-LENGTH DATA ELEMENTS--GENERAL INFORMATION
fixed length control field 180912cr xxu||||| |||| 00| 0 eng d
020 ## - INTERNATIONAL STANDARD BOOK NUMBER
International Standard Book Number 978-987-1506-29-3
020 ## - INTERNATIONAL STANDARD BOOK NUMBER
International Standard Book Number 978-987-1506-37-8
082 04 - DEWEY DECIMAL CLASSIFICATION NUMBER
Edition number 14
Classification number 324.2
110 1# - MAIN ENTRY--CORPORATE NAME
9 (RLIN) 9044
Corporate name or jurisdiction name as entry element Unión del Personal Civil de la Nación .
245 10 - TITLE STATEMENT
Title Perón habla a los trabajadores /
Statement of responsibility, etc Unión Personal Civil de la Nación
260 ## - PUBLICATION, DISTRIBUTION, ETC. (IMPRINT)
Place of publication, distribution, etc Buenos Aires :
Name of publisher, distributor, etc Unión Personal Civil de la Nación,
Date of publication, distribution, etc 2019
300 ## - PHYSICAL DESCRIPTION
Extent 2 v.
650 24 - SUBJECT ADDED ENTRY--TOPICAL TERM
9 (RLIN) 553
Topical term or geographic name as entry element PERONISMO
650 27 - SUBJECT ADDED ENTRY--TOPICAL TERM
Source of heading or term unescot
9 (RLIN) 1665
Topical term or geographic name as entry element PARTIDO POLITICO
942 ## - ADDED ENTRY ELEMENTS (KOHA)
Source of classification or shelving scheme Dewey Decimal Classification
Item type Libro, folleto, traducción
980 ## - EQUIVALENCE OR CROSS-REFERENCE-SERIES STATEMENT--PERSONAL NAME/TITLE [LOCAL, CANADA]
Linkage 19226
Personal name Palazón Marcela
Field link and sequence number 19226
Miscellaneous information Palazón Marcela
Holdings
Withdrawn status Lost status Source of classification or shelving scheme Damaged status Not for loan Home library Current library Date acquired Total Checkouts Full call number Barcode Date last seen Date last borrowed Price effective from Koha item type
    Dewey Decimal Classification     Biblioteca Central Biblioteca Central 08/02/2022 1 324.2 UNI v. 1 UNAJ22020006 25/04/2025 15/04/2024 08/02/2022 Libro, folleto, traducción
    Dewey Decimal Classification     Biblioteca Central Biblioteca Central 08/02/2022   324.2 UNI v. 2 UNAJ22020007 25/04/2025   08/02/2022 Libro, folleto, traducción

Lunes a Viernes 8:30 a 19:00 hs. Cerrado por mudanza
Av.Calchaqui 6200 Florencio Varela (CP188) 2°piso Edificio Mosconi Aula 209-210
Mail: bibliotecacentralunaj@gmail.com  
Whatsapp(54 9)1122668024    ❔Pregunte a la bibliotecaria
© Universidad Nacional Arturo Jauretche | Secretaría Académica | Biblioteca Central UNAJ